01358cam a22003134i 4500003000900000005001700009008004100026020001500067035002700082040003300109082001900142245012500161264004500286300005600331336002100387337002500408338002300433500004100456504002800497505032400525526000900849526000900858526000800867526000800875526000800883650006900891650005600960700002801016PE-LiUPU20250731184100.0150623s1999 nyua rb 000 0 eng d a0760714614 a(Sirsi) i9780760714614 aPE-LiUPUbspacPE-LiUPUerda04a892.1bE6422304aThe epic of Gilgamesh :bthe Babylonian epic poem and other texts in Akkadian and Sumerian /ceditado por George Andrew. 1aNew York :bBarnes & Noble Books,c1999. a225 páginas :bilustraciones ;c25 centímetros. atext2rdacontent aunmediated2rdamedia avolume2rdacarrier aIncluye glosario de nombres propios. aIncluye bibliografía.0 aThe standar version of the Babylonian Gilgamesh epic : He who saw the deep -- Babylonian texts of the early second millennium bC -- Babylonian texts of the late second millennium bC, from sites in Babylonia -- Babylonian texts of the late second millennium bC, from outside Babylonia -- The Sumerian poems of Gilgamesh. aP145 aP127 aP97 aP14 aP0714aPoesía épica Asirio-babilónica xTraducciones al inglés.24aPoesía épica sumeriaxTraducciones al inglés. aAndrew, George,eeditor